| 000 | 00445nam a2200181Ia 4500 | ||
|---|---|---|---|
| 001 | 8287 | ||
| 005 | 20260306160558.0 | ||
| 008 | 260306t2003||||xx |||||||||||||| ||spa|| | ||
| 041 | _aESP | ||
| 082 |
_a370.1523 _bO69 |
||
| 100 |
_aOntoria Peña, Antonio _eAUT |
||
| 245 | 0 | _aPotenciar la capacidad de aprender a aprender | |
| 260 | _c2003 | ||
| 300 |
_a185 páginas : _c23 cm. |
||
| 650 | _aGEN | ||
| 654 | _aCED | ||
| 942 |
_cLIB _dJUS _fJUS _2ddc _n |
||
| 999 |
_c8287 _d8287 |
||